000 00322nam a2200133Ia 4500
008 220204s9999 xx 000 0 und d
082 _a576.3
_bBRO
100 _aBertke, Eldridge M
245 0 _aTextbook of cytology
250 _a2
260 _aSaint Louis
_bC V Mosby
_c1974
700 _aBrown, Walter V
942 _cBK
999 _c26176
_d26176